Introduction to entrepreneurship / (Record no. 1859)
[ view plain ]
| 000 -LEADER | |
|---|---|
| fixed length control field | 00644nam a22001817a 4500 |
| 003 - CONTROL NUMBER IDENTIFIER | |
| control field | OSt |
| 005 - DATE AND TIME OF LATEST TRANSACTION | |
| control field | 20150930140248.0 |
| 008 - FIXED-LENGTH DATA ELEMENTS--GENERAL INFORMATION | |
| fixed length control field | 130218t xxu||||| |||| 00| 0 eng d |
| 050 ## - LIBRARY OF CONGRESS CALL NUMBER | |
| Classification number | HB 601 |
| Item number | .In61 1997 |
| 082 ## - DEWEY DECIMAL CLASSIFICATION NUMBER | |
| Classification number | FIL 338.04 |
| Item number | In8 1997 |
| 110 ## - MAIN ENTRY--CORPORATE NAME | |
| Corporate name or jurisdiction name as entry element | Small Enterprises Research and Development Foundation (SERDEF). |
| 245 ## - TITLE STATEMENT | |
| Title | Introduction to entrepreneurship / |
| Statement of responsibility, etc | Small Enterprises Research and Development Foundation (SERDEF) in cooperation with UP Institute for Small-Scale Industries. |
| 300 ## - PHYSICAL DESCRIPTION | |
| Extent | viii, 280 pages ; |
| Dimensions | 21 cm. |
| 500 ## - GENERAL NOTE | |
| General note | Includes bibliographical references. |
| 562 ## - COPY AND VERSION IDENTIFICATION NOTE | |
| Number of copies | 1 |
| 942 ## - ADDED ENTRY ELEMENTS (KOHA) | |
| Source of classification or shelving scheme | Library of Congress Classification |
| Koha item type | Books |
| Call number prefix | Local |
| Withdrawn status | Lost status | Source of classification or shelving scheme | Damaged status | Home library | Current library | Shelving location | Date acquired | Total Checkouts | Full call number | Barcode | Date last seen | Copy number | Price effective from | Koha item type | Source of acquisition | Sub Shelving location |
|---|---|---|---|---|---|---|---|---|---|---|---|---|---|---|---|---|
| Library of Congress Classification | College Library | College Library | Filipiniana Section | 09/30/2015 | HB 601 .In61 1997 | C20091 | 05/08/2018 | 09/30/2015 | Books | Donation | ||||||
| Library of Congress Classification | Luxembourg Library | Luxembourg Library | Filipiniana Section | 02/18/2013 | HB 601 .In61 1997 | 5986 | 08/13/2013 | 1 | 10/03/2013 | Books |